| 000 | 00536nam a22001817a 4500 | ||
|---|---|---|---|
| 005 | 20260227013917.0 | ||
| 008 | 260227b |||||||| |||| 00| 0 eng d | ||
| 020 | _a978 0 07 131235 6 | ||
| 040 | _cJHCSC | ||
| 082 | _a005.1 | ||
| 100 |
_910117 _aRoger S. Pressman _dPh.D _eAuthor |
||
| 245 |
_aSoftware Engineering _bA Practitioner's Approach |
||
| 250 | _a7th Edition | ||
| 260 |
_aPhilippines _bMcGrow Hill Companies _c2012 |
||
| 300 |
_axxiv, 895 pages _bIncludes Figures |
||
| 760 | _b7th edition | ||
| 942 |
_2ddc _cBOOK _e7th edition |
||
| 999 |
_c11377 _d11377 |
||